banner-ar

المحاسب ودوره فى الادارة الاستراتيجية / (Record no. 67047)

MARC details
000 -الفاتح
حقل البيانات ثابتة الطول 00942nam a2200241Ia 4500
005 - وقت وتاريخ اخر تعامل مع التسجيلة
رقم الضبط 20240530110953.0
008 - عناصر البيانات ثابتة الطول - معلومات عامة
حقل البيانات ثابتة الطول 140319s2007 xx 000 0 ara d
020 ## - الرقم الدولى المعيارى للكتب
الرقم الدولى المعيارى للكتاب 9774084462
040 ## - مصدر الفهرسة
وكالة الفهرسة الأصلية GCL /
وكالة النسخ GCL
082 04 - رقم تصنيف ديوى العشرى
رقم التصنيف 657.7 /
رقم المادة س م
100 1# - المدخل الرئيسى - إسم شخصى
الإسم الشخصى سيمون ، كريسبين
245 10 - بيان العنوان
العنوان المحاسب ودوره فى الادارة الاستراتيجية /
بيان المسئوليه,etc تاليف سيمون ، كريسبين ؛ مترجم خالد العامرى
250 ## - بيان الطبعة
بيان الطبعة الطبعة الاولى
260 ## - PUBLICATION, DISTRIBUTION, ETC. (IMPRINT)
تاريخ النشر أو التوزيع 2007
300 ## - الوصف المادى
التعداد 184ص؛
أبعاد الوعاء 24 سم
490 ## - بيان السلسلة
عنوان السلسلة مهارات الادارة للمحترفين
650 04 - المدخل الاضافى بالموضوع-مصطلح موضوعى
مصطلح موضوعي المحاسب
650 04 - المدخل الاضافى بالموضوع-مصطلح موضوعى
مصطلح موضوعي الادارة الاستراتجية
650 04 - المدخل الاضافى بالموضوع-مصطلح موضوعى
مصطلح موضوعي المحاسبة الادارية
700 1# - المدخل الاضافى - اسم شخصى
الإسم الشخصى خالد العامرى
الدور مترجم
942 ## - عناصر المدخل الإضافي( كوها)
مصدر التصنيف او مخطط الترفيف Dewey Decimal Classification
Koha [default] item type كتاب
260 ## - PUBLICATION, DISTRIBUTION, ETC. (IMPRINT)
-- القاهرة :
-- دار الفاروق للنشر والتوزيع،
Holdings
حالة التراجع حالة الفقد حالة تلف ليس للاعارة المكان المؤقت الموقع الحالى موقع الترفيف تاريخ الاكتساب اجمالي اﻻعارات رقم الطلب الباركود تاريخ اخر مشاهدة تاريخ تفعيل السعر نوع وعاء كوها
        مكتبة القاهرة الكبرى مكتبة القاهرة الكبرى ق الرئيسية_الإدارة_ك عربى 12/19/2022   657.7 / س م 169072 12/19/2022 12/19/2022 كتاب

Powered By

EGPV